| 000 | 01455nam a2200373Ia 4500 | ||
|---|---|---|---|
| 001 | Z_6646 | ||
| 003 | CHAP | ||
| 005 | 20230703182200.0 | ||
| 008 | 220113s2014 xx 000 0 und d | ||
| 010 | _a169918 | ||
| 040 | _cCHAP | ||
| 090 | _aTesis B66 2353 | ||
| 100 |
_aBonilla Bonilla, Harim de Jesús _9126827 |
||
| 245 |
_aEfecto de la presencia de la paloma común (Columba livia) en la transmisión de enfermedades en la granja experimental de Chapingo, México / _cHarim de Jesús Bonilla Bonilla y Oscar Manuel López Bazán |
||
| 260 |
_aMéxico : _bEl autor, _c2014 |
||
| 300 | _a132 p. | ||
| 502 | _aTesis (Ingeniero Agrónomo Especialista en Zootecnia) --UACh, 2014 \ Dirección: Alfredo Castañeda Ramírez; asesoría: Elvia López Pérez y Rubén Esquivel Velázquez | ||
| 650 |
_aAvicultura _98703 |
||
| 650 |
_aEimeria spp _9145466 |
||
| 650 |
_aEnfermedad de newcastle _936929 |
||
| 650 |
_aInhibición de la hemoaglutinación _9145467 |
||
| 650 |
_aPaloma común _9145468 |
||
| 650 |
_aSalmonella spp _9145469 |
||
| 700 |
_a Castañeda Ramírez, Alferdo, director _9145470 |
||
| 700 | _a Esquivel Velázquez, Rubén, asesor | ||
| 700 |
_a López Pérez, Elvia, asesor _9143206 |
||
| 700 |
_aLópez Bazán, Oscar Manuel, coaut. _9145471 |
||
| 856 | 4 | 2 |
_uhttp://10.13.5.2/tesis/sist109571.pdf _yDescargar PDF |
| 901 | _aTESIS B66 2353 | ||
| 902 | _aM | ||
| 910 | _a2014 | ||
| 942 |
_c2 _2ddc |
||
| 942 |
_c2 _2ddc |
||
| 999 |
_c169918 _d169918 |
||